LEADER 01191nam a2200313 a 4500 001 000000169048 003 CaOOAMICUS 005 20180911104835.0 008 180911s2013 it u000 u ita r 020 $z978-88-15-12581-1* 032 $aLibriCat 040 $aPUL$bita 082 04$a160 100 1 $aMugnai, Massimo,$d1947-$0(OLS)http://pul/name/40910 245 10$aPossibile/necessario /$cMassimo Mugnai. 260 $aBologna :$bIl Mulino,$cİ2013. 300 $a211 p. ;$c21 cm. 490 1 $aLessico della filosofia ;$v09 504 $aContiene riferimenti bibliografici ed indice. 650 4$aLogica.$0(OLS)http://pul/subject/441 830 0$aLessico della filosofia ;$v09.$0(OLS)http://pul/title/146157 850 $aPUL 852 $aPUL$W1$xSL Filosofia 3$y81$m160 MUGMA 1$j192309$qDDC 21$B197009$CPULBib$Z2$F197009 $H131250 $81 941 1 $a9 996 $6020$z978-88-15-12581-1*$9(OLS)http://pul/number/164646 996 $6082$a160$9(OLS)http://pul/classification/596 996 $6245$aPossibile/necessario$9(OLS)http://pul/title/209606 996 $6260$aBologna :$bIl Mulino$9(OLS)http://pul/publisher/47928 LEADER 01203nam a2200289 a 4500 001 000000175940 003 CaOOAMICUS 005 20230614164314.0 008 230614s2014 it 000 u ita r 020 $a978-88-96441-15-2 032 $aLibriCat 040 $aPUL$bita 082 14$a227.87 100 1 $aO'Brien, Peter Thomas.$0(OLS)http://pul/name/49289 240 14$aThe Letter to the Hebrews.$lItaliano.$0(OLS)http://pul/title/217423 245 13$aLa Lettera agli Ebrei :$bintroduzione e commento /$cPeter T. O'Brien. 260 $aChieti :$bEdizioni GBU,$cİ2014. 300 $axviii, 865 pagine ;$c22 cm. 630 04$aBiblia.$pN.T.$pAd Hebraeos$xCommenti.$0(OLS)http://pul/subject/14459 850 $aPUL 852 $aPUL$W1$xSL Religione 3$y85$m227. 87 OBRPE 1$j200106$qDDC 21$B204887$CPULBib$Z2$F204887 $H136305 $82 941 1 $a9 996 $6020$a978-88-96441-15-2$9(OLS)http://pul/number/169180 996 $6082$a227.87$9(OLS)http://pul/classification/3411 996 $6245$aLa Lettera agli Ebrei :$bintroduzione e commento$9(OLS)http://pul/title/217422 996 $6260$aChieti :$bEdizioni GBU$9(OLS)http://pul/publisher/87560